1846 1498 1066 1669 1850 1740 1945 1442 1662 1400 1016 1787 1391 1380 1040 1115 1401 1448 1488 1020 1274 1697 1249 1862 1075 1274 1201 1932 1305 1768 1990 1231 1496 1858 1797 1321 1639 1290 1156 1801 1413 1323 1134 1208 1566 1785 1858 1946 1696 1337 1681 1563 1675 1208 1005 1062 1083 1033 1641 1658 1217 1763 1460 1429 1512 1649 1423 1513 1065 1929 1731 1490 1377 1032 1766 1225 1133 1058 1696 1750 1252 1401 1611 1773 1635 1748 1693 1179 1762 1087 1902 1510 1299 1629 1055 1203 1777 1984 1518 BCNSPRNW ULIB Ver.6.0+V

เปลี่ยนเป็นภาษาไทย

Change to English
 แสดงรายละเอียดบรรณานุกรม
  กลับหน้าหลัก

Brief Record : Get Marc (ISO 2709) : E-mail record : QR code < ปิดหน้าต่าง
LEADER : 00000nam 2200000uu 4500
001    13399122435
003     ULIB
008    130523s||||||||th 000 0 tha d
020    ^a9789741107599
060 04 ^aWY159^bบ251ต 2550
245 00 ^aตำราการพยาบาลเด็ก /^cโดยคณาจารย์ภาควิชาการพยาบาลกุมารเวชศาสตร์ คณะพยาบาลศาสตร์ มหาวิทยาลัยมหิดล ; บรรณาธิการ, บัญจางค์ สุขเจริญ ... [และคนอืนๆ]
250    ^aพิมพ์ครั้งที่ 1
260    ^aกรุงเทพฯ :^bภาควิชาการพยาบาลกุมารเวชศาสตร์ คณะพยาบาลศาสตร์มหาวิทยาลัยมหิดล,^c2550
300    ^axii, 958 หน้า :^bภาพประกอบ ;^c30 ซม.
650  7 ^aการพยาบาลกุมารเวชศาสตร์
700 0  ^aบัญจางค์ สุขเจริญ,^eบรรณาธิการ
710 2  ^aมหาวิทยาลัยมหิดล. ^bคณะพยาบาลศาสตร์.^bภาควิชาการพยาบาลกุมารเวชศาสตร์
945    ^p580^l0^i14282
945    ^p580^l0^i15784
945    ^p580^l0^i15785
945    ^p580^l0^i14710
995    ^aกัณชพร
999 ^a ใช้งานได้ทุกระบบ
รายการนี้ยังไม่มีแท็ก
คุณยังไม่ได้ล็อกอิน คุณสามารถมีกิจกรรมร่วมกับเว็บไซต์ได้ แต่ต้องล็อกอินก่อน ::
  ล็อกอิน

รายการสื่อสารสนเทศ

ลำดับที่ ประเภท เลขเรียก/บาร์โค้ด สถานที่ สถานะ
1. Book การพยาบาล
Book การพยาบาล
WY159 บ251ต 2550  
  Barcode: 14282
ห้องสมุดวิทยาเขตสวรรค์ประชารักษ์
►ส่วนจัดเก็บหนังสือเก่า สปร
บนชั้น
  ขอยืม
2. วิทยาศาสตร์การแพทย์ และสุขภาพ
วิทยาศาสตร์การแพทย์ และสุขภาพ
WY159 บ251ต 2550 ฉ.4 
  Barcode: 14710
ห้องสมุดวิทยาเขตนครสวรรค์
►ส่วนจัดเก็บหนังสือเก่า นว.
บนชั้น
  ขอยืม

รายการใกล้เคียง
    หัวเรื่อง [การพยาบาลกุมารเวชศาสตร์]

BibComment


ยังไม่เคยถูกคอมเมนท์

คอมเมนท์ทรัพยากรรายการนี้
  คอมเมนท์: ตำราการพยาบาลเด็..


 Copyright 2026. Bcnsprnw @Library